000 00938nam a22002417a 4500
008 240605b mp ||||| |||| 00| 0 mon d
020 _a978-99973-1-603-5
035 _a8825
040 _aHE0623081
_bmon
_cMN-UlNLM
_dMN-UlNLM
_erda
041 _amon
042 _a18383
084 _2NNA
_a63.3(0)
_bФ.859
100 _aФавилли Э., Франческа К.
245 0 _aТэрслүү охидод зориулсан бяцхан түүхүүд
264 _aУБ.
_bМонсудар ХГ
_c2019
300 _a212х.
336 _2rdacontent
_atext
_btxt
337 _2rdamedia
_aunmediated
_bn
338 _2rdacarrier
_avolume
_bnc
490 _v2
650 _aНью-Йорк Таймсын дуулиан тарьсан бестселлерийн хоёр дахь боть дэлхийн өнцөг булан бүрд аж төрж буй охидод,том мөрөөдөж, илүүд зо...
942 _2NNA
_cBK
999 _c881008
_d881065